000 01031cam a2200157 4500500
005 20251214020515.0
041 _afre
042 _adc
100 1 0 _aClerc, Louis
_eauthor
245 0 0 _aExportar el norte: Un «poder blando» con dos caras
260 _c2025.
500 _a47
520 _aLas grandes potencias no tienen el monopolio del poder blando; los países nórdicos también utilizan su imagen para respaldar sus políticas exteriores. A través de organizaciones administrativas que dan gran importancia a la cooperación con la sociedad civil, han establecido sus diplomacias públicas en respuesta a las necesidades económicas, de política exterior y de identidad. Sin embargo, es probable que este enfoque evolucione como consecuencia de las divisiones dentro de las sociedades nórdicas y los cambios en el contexto internacional.
786 0 _nPouvoirs | 195 | 4 | 2025-10-06 | p. 139-148 | 0152-0768
856 4 1 _uhttps://droit.cairn.info/revista-pouvoirs-2025-4-page-139?lang=es&redirect-ssocas=7080
999 _c1571013
_d1571013